00470nam a2200169Ia 4500003000400000005001700004020002200021040000700043050002300050100001800073245003300091250000600124260006300130300002100193500005000214650003600264OSt20260211144323.0 a978-0-697-05779-8 cLC aQP 34.5 .H 65 1990 aJOHN, HOLE, W 0aHUMAN ANATOMY AND PHYSIOLOGY a5 aKERPER BOULEVARD, DUBUQUE,bWIN.C.BROWN PUBLISHERS,c1990, aXXii, 947 P, ILL aINCLUDES BIBLIOGRAPHICAL REFERENCES AND INDEX aHuman physiology, Human anatomy